La marcha de los pingüinos = La marche de l'empereur /
محفوظ في:
| المؤلف الرئيسي: | |
|---|---|
| مؤلفون آخرون: | , , , , , , , , |
| التنسيق: | |
| اللغة: | الفرنسية |
| منشور في: |
París, Francia : Francia :
Bonne Pioche ; Alliance de Production Cinématographique,
2005, c2005
|
| الموضوعات: | |
| الوسوم: |
لا توجد وسوم, كن أول من يضع وسما على هذه التسجيلة!
|
MARC
| LEADER | 00000ngm^a2200000^a^4500 | ||
|---|---|---|---|
| 001 | 000194760 | ||
| 005 | 20250521000000.0 | ||
| 009 | 20260310102728.892 | ||
| 037 | |a Acervo ITESO - Biblioteca | ||
| 041 | |a FRA | ||
| 082 | |a 156. 2 |b JAC | ||
| 100 | |a Jacquet, Luc |e (realización) | ||
| 240 | 1 | 4 | |a [La marcha de los pingüinos] |
| 245 | 1 | 3 | |a La marcha de los pingüinos = |b La marche de l'empereur / |c Realización de L. Jacquet. |
| 246 | 2 | |a Título alternativo en español (España): El viaje del emperador | |
| 264 | 4 | |a París, Francia : |b Bonne Pioche ; |a Francia : |b Alliance de Production Cinématographique, |c 2005, c2005 | |
| 264 | 2 | |a México : |b Videomax [distribución], |c 2006, c2006 | |
| 300 | |a 1 DVD regiones 1 y 4 (82 min.) : |b color | ||
| 336 | |a imagen móvil bidimensional |b tdi |2 rdacontenido | ||
| 337 | |a video |b v |2 rdamedio | ||
| 338 | |a videodisco |b vd |2 rdasoporte | ||
| 546 | |a En francés, con subtítulos opcionales: español | ||
| 546 | |a Doblaje opcional: español | ||
| 586 | |a Premio César, de la Academia Francesa de Cine (31°: 2006): Mejor Opera Prima (finalista) | ||
| 586 | |a Premio David di Donatello, de la Academia Italiana de Cine (51°: 2006): Mejor Película de la Unión Europea (finalista) | ||
| 586 | |a Premio Oscar, de la Academia Norteamericana de Cine (78°: 2005): Mejor Largometraje Documental (ganador) | ||
| 649 | |a XX | ||
| 650 | |a Cine Científico | ||
| 650 | |a Documentales | ||
| 650 | |a Opera Prima | ||
| 650 | |a Cine Francés - |y 2000-2009 | ||
| 650 | |a Cine Francés - |y Siglo XXI | ||
| 650 | |a Pingüinos - |z Tierra de Adelia - |x Tema Principal | ||
| 650 | |a Pingüinos - |z Tierras Australes y Antárticas Francesas | ||
| 650 | |a Pingüinos - |z Polo Sur | ||
| 650 | |a Pingüinos - |z Regiones Polares | ||
| 650 | |a Aves Marinas - |z Polo Sur | ||
| 650 | |a Aves Acuáticas - |z Polo Sur | ||
| 650 | |a Fauna Marina - |z Polo Sur | ||
| 650 | |a Conducta Reproductiva Animal - |x Tema Principal | ||
| 650 | |a Sexualidad Animal | ||
| 650 | |a Monogamia | ||
| 650 | |a Reproducción (Biología) | ||
| 650 | |a Conducta Alimentaria | ||
| 650 | |a Migración de Aves | ||
| 650 | |a Migración Animal | ||
| 650 | |a Fenología | ||
| 650 | |a Bioclimatología | ||
| 650 | |a Climatología | ||
| 650 | |a Etología | ||
| 650 | |a Ornitología | ||
| 650 | |a Zoología | ||
| 650 | |a Biología Marina | ||
| 650 | |a Biología Acuática | ||
| 650 | |a Biología | ||
| 700 | |a Fessler, Michel |e (guión) | ||
| 700 | |a Jacquet, Luc |e (guión) | ||
| 700 | |a Chalet, Laurent |e (fotógrafo) | ||
| 700 | |a Maison, Jérôme |e (fotógrafo) | ||
| 700 | |a Emiliani, Sabine |e (montaje) | ||
| 700 | |a Simon, Emilie |e (música) | ||
| 700 | |a Bohringer, Romane |e (voz) | ||
| 700 | |a Berling, Charles |e (voz) | ||
| 700 | |a Sitruk, Jules |e (voz) | ||
| 910 | |a Fondo General | ||
| 920 | |a Audiovisuales - DVDs | ||
| 940 | |a Películas | ||
| 905 | |a 302 | ||
| 901 | |a 0500132007 |b IT2 |c DVS |u 20250521 | ||
| 902 | |a https://opac.biblio.iteso.mx/vufind/Record/000194760 | ||